| 000 | 00495nam a2200169Ia 4500 | ||
|---|---|---|---|
| 999 |
_c34779 _d34779 |
||
| 003 | OSt | ||
| 005 | 20200611154252.0 | ||
| 008 | 190216s9999||||xx |||||||||||||| ||und|| | ||
| 040 | _coclc | ||
| 082 |
_a320 _bGET/P |
||
| 100 |
_aGettell, Raymond Garfield _9893 _d1881- |
||
| 245 | 0 |
_aPolitical Science / _cRaymond Garfield Gettell |
|
| 260 |
_bThe World Press Pvt Ltd, _c1967. |
||
| 300 | _a476p | ||
| 650 | _aPolitical Science | ||
| 942 |
_cBK _2ddc _h320 _iGET/P _k320 _mGET/P |
||